000 01184nam a22003737a 4500
001 000008102
003 CHAP
005 20220817041159.0
008 971013s1990 r 00010 d
010 _a8043
011 _a9015
035 _a8249
040 _cCHAP
082 _a630.215
_bG55
100 0 0 _aGliessman, Stephen R.
_eed.
_948282
245 0 _aAgroecology :
_b: researching the ecological basis for sustainable agriculture.
260 _aNew York :
_bSpringer-Verlag,
_c1990.
300 _a380 p. :
_b: ilus. ; gráfs.
490 _aEcological studies
_v; 78
590 _aBATCH-UPD
_b10
_c20130110
_lUCH01
_h0057
590 _aBATCH-UPD
_b10
_c20130110
_lUCH01
_h1007
590 _aBATCH-UPD
_b10
_c20130410
_lUCH01
_h0616
590 _aBATCH-UPD
_b10
_c20130914
_lUCH01
_h1248
590 _aCONVERSION
_b10
_c20130109
_lUCH01
_h1305
590 _aE11695DGD
_b10
_c20150604
_lUCH01
_h1117
590 _aE5765TAJ
_b05
_c20150603
_lUCH01
_h0928
590 _aE5765TAJ
_b05
_c20150603
_lUCH01
_h0930
650 1 4 _aAgricultura sustentable.
650 1 4 _aEcología agrícola.
_935165
830 0 _aEcological studies
_v; 78
_935133
901 _aBK
942 _cLIBRO
942 _n0
999 _c8043
_d8043